[Event "Mataro op 11th"]
[Site "Mataro"]
[Date "2014.10.25"]
[Round "5"]
[White "Martin, David"]
[Black "Rodriguez Morte, Gloria"]
[Result "0-1"]
[WhiteElo "1794"]
[BlackElo "1700"]
[PlyCount "82"]
[EventDate "2014.09.27"]
[EventType "swiss"]
[EventRounds "9"]
[EventCountry "ESP"]
[SourceTitle "EXT 2016"]
[Source "ChessBase"]
[SourceDate "2015.10.08"]
[SourceVersion "1"]
[SourceVersionDate "2015.10.08"]
[SourceQuality "1"]

1. c4 Nc6 2. g3 d5 3. cxd5 Qxd5 4. Nf3 e5 5. Nc3 Qd8 6. Bg2 f6 7. d3 Bb4 8. 0-0 Bxc3 9. bxc3 Nge7 10. Qb3 Nd5 11. Ba3 Nce7 12. c4 Nb6 13. Nd2 c6 14. Ne4 Nf5 15. Bc1 Be6 16. e3 0-0 17. h3 Re8 18. Nc5 Kh8 19. Nxe6 Rxe6 20. e4 Nd4 21. Qd1 Qe7 22. f4 c5 23. fxe5 Rxe5 24. Bf4 Re6 25. h4 Nd7 26. Bh3 Rc6 27. Rb1 Ne5 28. Bxe5 Qxe5 29. Kh2 b6 30. Rf2 Rd8 31. Bf5 g6 32. Bh3 Kg7 33. Qa4 a5 34. Rbf1 Rdd6 35. Qd1 Rc7 36. a4 Rf7 37. Qg4 Ne6 38. Rf5 Qb2+ 39. R1f2 Qd4 40. Bf1 Nf8 41. Rd5 Qxf2+ 0-1